000 01178nam a2200265 a 4500
001 000043265
005 20250909091242.0
008 140303s2009 sp 000 0 spa d
020 _a9788483470954
040 _aDO-SdBNP
_bspia
_cBNPHU
245 0 0 _aEconomistas españoles del exilio en México /
_cedición de Eugenia Correa y Alicia Girón ; prólogo de José Déniz.
260 _aMadrid :
_bAgencia Española de Cooperación Internacional,
_c2009.
300 _a198 p. ;
_c24 cm.
490 1 _aAntología del pensamiento político, social y económico de América latina ;
_v12
490 1 _aCiencias y humanismo
504 _aIncluye referencias bibliográficas y notas al pie de las páginas
504 _aBibliografía : p. 181-198
500 _aIncluye datos biográficos de los editores en al solapa de la cubierta
700 1 _aDéniz, José,
_epról.
_970877
700 1 _aGiron, Alicia,
_eed.
_970878
700 1 _aCorrea, Eugenia
_eed.
_970879
710 2 _aAgencia Española de Cooperación Internacional
_934585
830 0 _aAntología del pensamiento político, social y económico de América Latina
_v12
_970880
830 0 _aCiencias y humanismo
_970218
999 _c42754
_d42754